Textbook of applied entomology: agricultural, veterinary, medical, industrial, forest and forensic entomology. vol.II (Record no. 603749)

MARC details
000 -LEADER
fixed length control field 00663nam a2200145Ia 4500
008 - FIXED-LENGTH DATA ELEMENTS--GENERAL INFORMATION
fixed length control field 100415s9999 xx 000 0 und d
082 ## - DEWEY DECIMAL CLASSIFICATION NUMBER
Item number 20867
Classification number 595.7
100 ## - MAIN ENTRY--PERSONAL NAME
Personal name SRIVASTAVA,K.P.
245 ## - TITLE STATEMENT
Title Textbook of applied entomology: agricultural, veterinary, medical, industrial, forest and forensic entomology. vol.II
260 ## - PUBLICATION, DISTRIBUTION, ETC. (IMPRINT)
Place of publication, distribution, etc LUDHIANA
Date of publication, distribution, etc 1993
Name of publisher, distributor, etc KALYANI PUBLISHERS
365 ## - TRADE PRICE
Price amount 1
630 ## - SUBJECT ADDED ENTRY--UNIFORM TITLE
Uniform title Textbook of applied entomology: agricultural, veterinary, medical, industrial, forest and forensic entomology. vol.II
730 ## - ADDED ENTRY--UNIFORM TITLE
Uniform title Textbook of applied entomology: agricultural, veterinary, medical, industrial, forest and forensic entomology. vol.II
942 ## - ADDED ENTRY ELEMENTS (KOHA)
Koha item type Book
Holdings
Withdrawn status Lost status Damaged status Not for loan Home library Current library Date acquired Cost, normal purchase price Total Checkouts Full call number Barcode Date last seen Price effective from Koha item type
        Bombay Natural History Society Bombay Natural History Society 02/27/2004 1.00   595.7 20867 BNHS-20867 04/15/2010 04/15/2010 Book